| 000 | 00932nam a22002777a 4500 | ||
|---|---|---|---|
| 003 | CHAP | ||
| 005 | 20220329135013.0 | ||
| 008 | 971013s1984 r 00010 d | ||
| 010 | _a29388 | ||
| 011 | _a30360 | ||
| 035 | _a34472 | ||
| 040 | _cCHAP | ||
| 082 |
_a327.7208 _bM3 |
||
| 100 | 0 | 0 |
_aMadrid Hurtado, Miguel de la. _969704 |
| 245 |
_aSolidaridad latinoamericana _b: guía de trabajo |
||
| 260 |
_aMéxico, D.F. : _bPresidencia de la República. Dirección General de Comunicación, _c1984 |
||
| 300 |
_a453 p. _b: ilus |
||
| 590 |
_aBATCH-UPD _b10 _c20130110 _lUCH01 _h1508 |
||
| 590 |
_aBATCH-UPD _b10 _c20130410 _lUCH01 _h0927 |
||
| 590 |
_aBATCH-UPD _b10 _c20130914 _lUCH01 _h1739 |
||
| 590 |
_aCONVERSION _b10 _c20130109 _lUCH01 _h1317 |
||
| 650 | 1 | 4 |
_aMéxico _xRelaciones exteriores _xAmérica Latina. _976787 |
| 901 | _aBK | ||
| 942 | _cLIBRO | ||
| 949 |
_a327.7208 M3 _bBC _cLIBRO _d33724000307534 _eLIBRO _h65126 _i34472 _mD _si |
||
| 999 |
_c29388 _d29388 |
||